[Event "LIB-ch"]
[Site "Beirut"]
[Date "1997.??.??"]
[Round "1"]
[White "Assaf, Mansour"]
[Black "Sakr, Nassim"]
[Result "1-0"]
[WhiteElo "2205"]
[BlackElo "2170"]

1.d4 Nf6 2.c4 g6 3.Nc3 Bg7 4.e4 d6 5.Be2 O-O 6.Nf3 e5 7.dxe5 dxe5 8.Bg5 Qxd1+
9.Rxd1 c6 10.O-O Nbd7 11.Rfe1 Re8 12.Rd6 h6 13.Bh4 g5 14.Bg3 Nh5 15.Red1 Nxg3
16.hxg3 Nc5 17.Nh2 f5 18.exf5 Bxf5 19.Bg4 Bxg4 20.Nxg4 Ne6 21.Rd7 Nc5 22.R7d6 Ne6
23.Ne4 Kf8 24.Rd7 Rad8 25.Rxd8 Rxd8 26.Rxd8+ Nxd8 27.Ne3 Kf7 28.Nf5 Bf8 29.g4 Ke6
30.Kf1 b5 31.b3 a5 32.Ke2 bxc4 33.bxc4 c5 34.Kd2 Nc6 35.Kc3 Nb4 36.Kb3 Nd3
37.Ka4 Nb4 38.Kxa5 Nxa2 39.Kb5 Nc1 40.f3 Nd3 41.Kc6 Nb4+ 42.Kc7 Nd3 43.Kd8 Kf7
44.Kd7 Nf4 45.Nfd6+ Bxd6 46.Kxd6 Nxg2 47.Kxc5 Ne1 48.Nd2 Ke6 49.Kb6 Nd3 50.c5 Nf4
51.c6 Nd5+ 52.Kb7 Ne7 53.Ne4 Kd5 54.c7 Ke6 55.Ng3 Kd7 56.Nf5 Nc8 57.Nxh6  1-0

[Event "BEL-chT9697"]
[Site "BEL"]
[Date "1997.??.??"]
[Round "3"]
[White "Roeder, Mathias"]
[Black "Craps, Ben"]
[Result "1/2-1/2"]
[WhiteElo "2435"]
[BlackElo "2175"]

1.d4 Nf6 2.c4 g6 3.Nc3 Bg7 4.e4 d6 5.Be2 O-O 6.Nf3 e5 7.dxe5 dxe5 8.Qxd8 Rxd8
9.Nd5 Nxd5 10.cxd5 h6 11.Be3 c6 12.Bc4 b5 13.Bb3 Bb7 14.Rc1 a5 15.a3 a4 16.Ba2 cxd5
17.Rc7 Rd7 18.Rxb7 Rxb7 19.Bxd5 Raa7 20.Kd2 Na6 21.Rc1 Nc7 22.Bc6 h5 23.Rc2 Bf6
24.g3 Kg7 25.h4 Kh7 26.Ke2 Bg7 27.Rd2 Ne6 28.Bxa7 Rxa7 29.Ng5+ Nxg5 30.hxg5 Bf8
31.Bxb5 Bc5 32.Kd1 Bd4 33.Kc1 Kg7 34.Kb1 Ra5 35.Bc6 Ra6 36.Rc2 Bxf2 37.Bd5 Bxg3
38.Rc7 Bf4 39.Rxf7+ Kh8 40.Rf6 Rxf6 41.gxf6 g5 42.Bf7 g4 43.Bxh5 g3 44.Bf3 Kg8
45.b3 axb3 46.Kb2 Kf7 47.Kxb3 Kxf6 48.Kc4 Be3 49.Kd3 Bd4 50.a4 Kg5 51.a5 Kf4
52.Bg2 Ba7 53.a6 Bd4 54.Ke2 Ba7  1/2-1/2

[Event "BEL-chT9697"]
[Site "BEL"]
[Date "1997.??.??"]
[Round "4"]
[White "Motwani, Paul"]
[Black "Van Laatum, Gozewijn"]
[Result "1/2-1/2"]
[WhiteElo "2490"]
[BlackElo "2330"]

1.d4 Nf6 2.c4 g6 3.Nc3 Bg7 4.e4 d6 5.Nf3 O-O 6.Be2 e5 7.Be3 exd4 8.Nxd4 Re8
9.Qc2 Ng4 10.Bxg4 Bxg4 11.f3 Bd7 12.O-O Nc6 13.Rad1 Ne5 14.b3 a6 15.f4 Ng4
16.Bc1 c6 17.h3 Qb6 18.Qd3 Nf6 19.g4 h5 20.g5 Bxh3 21.gxf6 Bxf1 22.Kxf1 Bxf6
23.f5 Qxd4 24.Qxd4 Bxd4 25.Rxd4 gxf5 26.Rxd6 Re6 27.e5 Rxe5 28.Bf4 Re6 29.c5 Rae8
30.Kf2 Kg7 31.Rd1 Rg6 32.Bd6 h4 33.Rh1 Rg4 34.Ne2 Ree4 35.Kf3 Re6 36.Nf4 Rh6  1/2-1/2

[Event "BEL-chT9697"]
[Site "BEL"]
[Date "1997.??.??"]
[Round "5"]
[White "Hausrath, Daniel"]
[Black "Tjiam, Dharma"]
[Result "1-0"]
[WhiteElo "2440"]
[BlackElo "2350"]

1.d4 Nf6 2.Nf3 g6 3.c4 Bg7 4.Nc3 O-O 5.e4 d6 6.Be2 e5 7.d5 a5 8.h3 Na6 9.Bg5 h6
10.Be3 Nc5 11.Nd2 Ne8 12.g4 f5 13.exf5 gxf5 14.Rg1 Qh4 15.Nf3 Qe7 16.g5 hxg5
17.Bxg5 Qd7 18.Nh4 Nf6 19.Qc2 Rf7 20.O-O-O e4 21.Rg3 Nh7 22.Bf4 Qe7 23.Ng6 Qf6
24.Rdg1 Bd7 25.h4 Nf8 26.h5 Kh7 27.h6 Nxg6 28.Rxg6 Qxg6 29.Rxg6 Kxg6 30.hxg7 Rxg7
31.Nd1 Rh8 32.Qc3 Kf7 33.Qxa5 b6 34.Qa7 Rc8 35.b4 Na4 36.Bxd6 Kg8 37.Be5 Re7
38.Bd4 Rh7 39.b5  1-0

[Event "BEL-chT9697"]
[Site "BEL"]
[Date "1997.??.??"]
[Round "9"]
[White "Schebler, Gerhard"]
[Black "Geenen, Marc"]
[Result "1-0"]
[WhiteElo "2425"]
[BlackElo "2330"]

1.d4 Nf6 2.Nf3 g6 3.c4 Bg7 4.Nc3 O-O 5.e4 d6 6.Be2 e5 7.d5 Na6 8.Bg5 h6 9.Bh4 g5
10.Bg3 Nh5 11.Nd2 Nf4 12.O-O Nc5 13.Nb3 b6 14.Nxc5 Nxe2+ 15.Qxe2 bxc5 16.f3 f5
17.exf5 Bxf5 18.Ne4 Qe8 19.Bf2 Qg6 20.g4 Bd7 21.h3 a5 22.a4 Rfb8 23.Be1 Rb7
24.Bc3 Bf6 25.Rf2 Be8 26.Rg2 Rab8 27.Kh1 Bd8 28.Qe3 Kf7 29.h4 Be7 30.h5 Qh7
31.Bxa5 Ra8 32.Bc3 Rxa4 33.Rxa4 Bxa4 34.Rg1 Ke8 35.Ra1 Bc2 36.Ra8+ Kd7 37.Kg2 Bxe4
38.fxe4 Qf7 39.Qe2 Bd8 40.Ra1 Rb8 41.Rf1 Bf6 42.Rf5 Ke7 43.Kf3 Qe8 44.Ke3 Qa4
45.Kd3 Rf8 46.Qf1 Bg7 47.Kd2 Rxf5 48.Qxf5 Qd7 49.Qf3 Qe8 50.Kc2 Qf8 51.Qe2 Qe8
52.b3 Kd8 53.Kb2 Qe7 54.b4 cxb4 55.Bxb4 Bf8 56.Qf3 Kc8 57.Kb3 Kb7 58.Bc3 Bg7
59.Qf5 Bf6 60.Kb4 Bg7 61.Qf2 Qf8 62.Qe2 Kb6 63.Bd2 c5+ 64.dxc6 d5+ 65.Kb3 d4
66.Bb4 Qf7 67.Qa2 Qf3+ 68.Ka4 Qxe4 69.c5+ Kxc6 70.Qe6+ Kb7 71.Qd7+ Ka6 72.Qd6+ Kb7
73.Qb6+ Ka8 74.Qa6+ Kb8 75.Qd6+ Kb7 76.Qb6+ Ka8 77.c6 Qc2+ 78.Kb5 Qe2+ 79.Kc5 Bf8+
80.Kd5  1-0

[Event "BEL-chT9697"]
[Site "BEL"]
[Date "1997.??.??"]
[Round "9"]
[White "Krijgelmans, Johan"]
[Black "Docx, Stefan"]
[Result "1-0"]
[WhiteElo "2270"]
[BlackElo "2315"]

1.d4 Nf6 2.c4 g6 3.Nc3 Bg7 4.e4 d6 5.Nf3 O-O 6.Be2 e5 7.d5 a5 8.Bg5 Na6 9.Nd2 h6
10.Bh4 Qe8 11.a3 Bd7 12.O-O a4 13.Nb5 Bxb5 14.cxb5 Nc5 15.f3 Nfd7 16.b4 axb3
17.Nxb3 f5 18.Nxc5 Nxc5 19.Bf2 fxe4 20.Bxc5 exf3 21.Bc4 Rf4 22.Rc1 dxc5 23.d6+ Kh7
24.dxc7 Qc8 25.b6 Qg4 26.Rxf3 Rxc4 27.Rxc4 Qxc4 28.Rd3 Qb5 29.Rd8 Qxb6 30.Rxa8 c4+
31.Kh1 Qxc7 32.Qd5 h5 33.Ra7 Qb6 34.Qxb7 Qf6 35.Qf3 Qg5 36.h3 Qc1+ 37.Kh2 c3
38.Qf7 Qh6 39.Rc7 e4 40.Rxc3 Qd2 41.Rc6 Qg5 42.Re6 Kh6 43.Qc7 Qe3 44.Qg3  1-0

[Event "BEL-chT9697"]
[Site "BEL"]
[Date "1997.??.??"]
[Round "10"]
[White "Goormachtigh, Johan"]
[Black "Van der Linden, Bert"]
[Result "1/2-1/2"]
[WhiteElo "2290"]
[BlackElo "2310"]

1.d4 Nf6 2.c4 g6 3.Nc3 Bg7 4.e4 d6 5.Be2 O-O 6.Nf3 e5 7.Be3 exd4 8.Nxd4 c6
9.Nc2 Re8 10.f3 d5 11.cxd5 cxd5 12.exd5 Bf5 13.Bf2 Bxc2 14.Qxc2 Nxd5 15.Nxd5 Qxd5
16.O-O Nc6 17.Bc4 Nd4 18.Bxd5 Nxc2 19.Rac1 Ne3 20.Bxe3 Rxe3 21.Rc7 Bd4 22.Kh1 Rd8
23.Bxf7+ Kf8 24.Rxb7 Re7 25.Rxe7 Kxe7 26.Bb3 Bxb2 27.Re1+ Kf8 28.h4 Bd4 29.Re2 Re8
30.Be6 h6 31.Kh2 Kg7 32.Re4 Bf2 33.g3 Kf6 34.Bd5 Rxe4 35.Bxe4 g5 36.h5 Be1
37.Kh3 Ke5 38.Kg4 Bd2 39.Bc2  1/2-1/2

[Event "JUG-ch playoff"]
[Site "Belgrade"]
[Date "1997.??.??"]
[Round "1"]
[White "Ivanisevic, Ivan"]
[Black "Damljanovic, Branko"]
[Result "1/2-1/2"]
[WhiteElo "2450"]
[BlackElo "2540"]

1.d4 Nf6 2.c4 g6 3.Nc3 Bg7 4.e4 d6 5.Nf3 O-O 6.Be2 e5 7.O-O c6 8.Re1 exd4
9.Nxd4 Re8 10.Bf1 Ng4 11.h3 Qb6 12.hxg4 Qxd4 13.g5 Qxd1 14.Rxd1 Be5 15.Be3 Nd7
16.Rac1 f6 17.f4 Bxc3 18.Rxc3 fxg5 19.Rxd6 gxf4 20.Bxf4 Nc5 21.Re3 Bg4 22.e5 a5
23.Bg5 a4 24.Bf6 Nd7 25.Kf2 Nxf6 26.exf6 Rxe3 27.Kxe3 Kf7 28.Kd4 Ra5 29.c5 Be6
30.Bd3 Ra8 31.Bc4 Bxc4 32.Kxc4 h5 33.Kb4 h4 34.Rd4 g5 35.Rd6 Kg6 36.Rd7 Kxf6
37.Rxb7 Rh8 38.Rc7 g4 39.Rxc6+ Kf5 40.Rd6 Kf4 41.c6 Kg3 42.Rd2 Rb8+ 43.Ka5 h3
44.gxh3 gxh3 45.Ka6 h2 46.Rd1 Rxb2 47.Rc1 Rc2 48.Rxc2 h1=Q 49.c7 Qf1+ 50.Ka7  1/2-1/2

[Event "Jugometal (Women)"]
[Site "Belgrade"]
[Date "1997.??.??"]
[Round "3"]
[White "Prudnikova, Svetlana"]
[Black "Vasilevich, Tatjana"]
[Result "1/2-1/2"]
[WhiteElo "2380"]
[BlackElo "2425"]

1.d4 Nf6 2.Nf3 g6 3.c4 Bg7 4.Nc3 O-O 5.e4 d6 6.Be2 Na6 7.O-O e5 8.Be3 Ng4
9.Bg5 Qe8 10.dxe5 dxe5 11.h3 h6 12.Bc1 Nf6 13.Be3 c6 14.c5 Nh5 15.Re1 Be6
16.Qc1 Kh7 17.b4 Nf4 18.Bxf4 exf4 19.Bxa6 bxa6 20.e5 f6 21.Qxf4 fxe5 22.Qg3 e4
23.Nxe4 Bxa1 24.Rxa1 Bd5 25.Nd6 Qd8 26.Ne5 Qg5 27.Qxg5 hxg5 28.Re1 Rf6 29.Ng4 Re6
30.Ne3 Re5 31.Rd1 Be6 32.Nb7 Bxa2 33.Rd7+ Kg8 34.Ng4 Re1+ 35.Kh2 Rf8 36.Na5 Bd5
37.Rxa7 Re4 38.Rxa6 Rxb4 39.Nxc6 Bxc6 40.Rxc6 Kg7 41.Ne5 Rf6 42.Rc7+ Kg8
43.Kg3 Rb2 44.Ng4 Re6 45.c6 Rc2 46.Nh6+ Kf8 47.Rf7+ Ke8 48.c7 Rc4 49.Rg7 Rf6
50.Ng4 Rc3+ 51.f3 Re6 52.Nf2 Kf8 53.Rd7 Re7 54.Rd8+ Re8 55.Rd6 Rxc7 56.Rxg6 Re2
57.Rxg5 Rcc2 58.Rf5+ Kg7 59.Ng4 Rxg2+ 60.Kh4 Rc6 61.Rd5 Rc3 62.Rg5+ Kf8 63.Rf5+ Kg7
64.Ne5 Re3 65.Ng4 Ra3 66.Ne5  1/2-1/2

[Event "Bello Horizonte Centenario op"]
[Site "Bello Horizonte"]
[Date "1997.??.??"]
[Round "2"]
[White "Okamura, Milton Kasuo"]
[Black "Cid, Roberto"]
[Result "1/2-1/2"]
[WhiteElo "2200"]
[BlackElo "2105"]

1.d4 Nf6 2.c4 g6 3.Nc3 Bg7 4.e4 d6 5.Nf3 O-O 6.Be2 e5 7.O-O Nbd7 8.Re1 Re8
9.Bf1 exd4 10.Nxd4 Nc5 11.f3 h6 12.Be3 Kh7 13.Qd2 Nfd7 14.Nd5 Ne5 15.Rac1 Bd7
16.b4 Ne6 17.Be2 c6 18.Nf4 Nxd4 19.Bxd4 Qc7 20.Red1 Red8 21.Qe3 b6 22.Qf2 Be6
23.a3 Qe7 24.Nxe6 fxe6 25.f4 c5 26.bxc5  1/2-1/2

[Event "Benasque op"]
[Site "Benasque"]
[Date "1997.??.??"]
[Round "2"]
[White "Palacios Perez, Manuel"]
[Black "Mowsziszian, Karen"]
[Result "0-1"]
[WhiteElo "2190"]
[BlackElo "2490"]

1.d4 Nf6 2.c4 g6 3.Nc3 Bg7 4.e4 d6 5.Nf3 O-O 6.Be2 Nbd7 7.O-O e5 8.Re1 c6
9.d5 Nc5 10.Bf1 a5 11.h3 h6 12.Bd2 Bd7 13.Rb1 cxd5 14.cxd5 Ne8 15.Bb5 Bxb5
16.Nxb5 f5 17.exf5 gxf5 18.Be3 b6 19.Bxc5 bxc5 20.Nd2 Qg5 21.Nc4 Rf6 22.Qd2 Qh4
23.Rbc1 Rg6 24.Qd3 e4 25.Qe3 Nf6 26.Ncxd6 f4 27.Nf5 Qg5 28.Ne7+ Kh7  0-1

[Event "Benasque op"]
[Site "Benasque"]
[Date "1997.??.??"]
[Round "3"]
[White "Torrecillas Martinez, Antonio"]
[Black "Hernandez, Gilberto"]
[Result "0-1"]
[WhiteElo "2360"]
[BlackElo "2540"]

1.d4 Nf6 2.Nf3 g6 3.c4 Bg7 4.Nc3 O-O 5.e4 d6 6.Be2 e5 7.dxe5 dxe5 8.Qxd8 Rxd8
9.Bg5 c6 10.Nxe5 Re8 11.O-O-O Na6 12.Nf3 Bg4 13.e5 Nd7 14.h3 Bxf3 15.Bxf3 Nxe5
16.Be2 Nc5 17.Be3 Ned7 18.Rd2 Re7 19.Rhd1 Rae8 20.Kc2 Bxc3 21.bxc3 Rxe3 22.fxe3 Rxe3
23.Bf3 Re7 24.Re2 Ne5 25.g4 h6 26.h4 Re6 27.Re3 Kg7 28.Be2 f5 29.gxf5 gxf5
30.Rg3+ Kf6 31.Bh5 f4 32.Rg8 Nxc4 33.Rd4 Ne3+ 34.Kb2 Ke5 35.Rf8 Re7 36.Be2 Ne6
37.Rh8 Nxd4 38.cxd4+ Kxd4 39.Rxh6 Nf5  0-1

[Event "Benasque op"]
[Site "Benasque"]
[Date "1997.??.??"]
[Round "5"]
[White "Cacho Reigadas, Sergio"]
[Black "Salamero Pelay, Fernando"]
[Result "1-0"]
[WhiteElo "2445"]
[BlackElo "2180"]

1.d4 Nf6 2.c4 g6 3.Nc3 Bg7 4.e4 d6 5.Nf3 O-O 6.Be2 e5 7.d5 a5 8.g3 Na6 9.Nh4 Nc5
10.f3 Nh5 11.O-O Nf4 12.Ng2 Nh3+ 13.Kh1 f5 14.exf5 gxf5 15.f4 exf4 16.gxf4 Bxc3
17.bxc3 Ne4 18.Be3 Rf6 19.Rf3 Rh6 20.Bf1 Qf6 21.Ne1 Qxc3 22.Bxh3 Qxc4 23.Rc1 Qxa2
24.Rc2 Qa3 25.Bc5 Qxc5 26.Rxc5 dxc5 27.Qa4 c6 28.dxc6 Rxc6 29.Bf1 Be6 30.Bc4 Rd8
31.Bxe6+ Rxe6 32.Qc2 Kf7 33.Rd3 Rd4 34.Rxd4 cxd4 35.Nf3 Kf6 36.Nxd4  1-0

[Event "Benasque op"]
[Site "Benasque"]
[Date "1997.??.??"]
[Round "8"]
[White "Giorgadze, Giorgi"]
[Black "Kuzmin, Alexey"]
[Result "1/2-1/2"]
[WhiteElo "2595"]
[BlackElo "2530"]

1.d4 Nf6 2.c4 g6 3.Nc3 Bg7 4.e4 d6 5.Nf3 O-O 6.Be2 e5 7.Be3 Ng4 8.Bg5 f6
9.Bh4 g5 10.Bg3 Nh6 11.dxe5 dxe5 12.O-O c6 13.Qxd8 Rxd8 14.Rfd1 Rxd1+ 15.Rxd1 Be6
16.Rd8+ Kf7 17.Bxe5 fxe5 18.Nxg5+ Ke7 19.Nxe6 Kxe6 20.Bh5 Bf6 21.Re8+ Kd7
22.g3 Kc7 23.f4 exf4 24.gxf4 Bd8 25.Rh8 Nd7 26.e5 Rb8 27.Ne4 Be7 28.Rxh7 Nf5
29.Bg4 Rg8 30.Ng5 Bxg5 31.Bxf5 Bxf4+ 32.Kh1 Bxe5 33.Rxd7+ Kb6 34.b4 Rg7 35.Rd3 a5
36.a3 axb4 37.axb4 Bf6 38.h3 Bh4 39.Bg4 Be1 40.Rb3 Rf7 41.Kg1 Rf4 42.Be2 Kc7
43.b5 Kd6 44.Rd3+ Ke7 45.Bg4 Bf2+ 46.Kg2 cxb5 47.cxb5 b6 48.Rd7+ Kf6 49.Rd6+ Kg5
50.Rd5+ Kf6 51.Rh5 Bc5 52.Bf3 Kg6 53.Rh8 Rb4 54.Bc6 Kg5 55.Rg8+ Kh4 56.Bd7 Rf4
57.Rh8+ Kg5 58.Be8 Rb4 59.Kf3 Rd4 60.Rh5+ Kf6 61.Bc6 Kg6 62.Rh8 Kg7 63.Re8 Kf6
64.Be4 Rb4 65.Bd3 Rd4 66.Be2 Kg5 67.Re5+ Kf6 68.Rh5 Kg6 69.Rh8 Kg7 70.Rc8 Kf6
71.Kg3 Bd6+ 72.Kg2 Bc5 73.Rg8 Kf7 74.Rg3 Kf6 75.Bd3 Kf7 76.Rf3+ Kg7 77.Kf1 Kh6
78.Ke2 Kg5 79.Rf7 Rf4 80.Rh7 Rf2+ 81.Ke1 Rf4 82.Be2 Kg6 83.Rh8 Kg7 84.Rc8 Kf6
85.Kd2 Kg5 86.Kc3 Kh4 87.Bg4 Kg5 88.Rg8+ Kh4 89.Rh8+ Kg5 90.Rh5+ Kg6 91.Rd5 Bb4+
92.Kd3 Bc5 93.Bc8 Kf6  1/2-1/2

[Event "Berliner Sommer"]
[Site "Berlin"]
[Date "1997.??.??"]
[Round "2"]
[White "Epishin, Vladimir"]
[Black "Lampe, Dirk"]
[Result "1-0"]
[WhiteElo "2570"]
[BlackElo "2295"]

1.d4 Nf6 2.c4 g6 3.Nc3 Bg7 4.e4 d6 5.Nf3 O-O 6.Be2 e5 7.O-O exd4 8.Nxd4 Re8
9.f3 c6 10.Kh1 Nbd7 11.Bg5 h6 12.Bh4 Ne5 13.Qb3 g5 14.Bf2 Ng6 15.Rad1 Qa5
16.Qc2 Nf4 17.Qd2 Be6 18.Rfe1 Rad8 19.Nxe6 fxe6 20.Bf1 Ng6 21.Ne2 Qxd2 22.Rxd2 b6
23.Red1 Bf8 24.Bg3 e5 25.Bf2 Be7 26.Ng3 Nh4 27.b4 c5 28.a3 Kg7 29.Ne2 Ng6
30.Nc3 Rd7 31.g3 h5 32.bxc5 bxc5 33.Bxc5  1-0

[Event "Berliner Sommer"]
[Site "Berlin"]
[Date "1997.??.??"]
[Round "3"]
[White "Lingnau, Carsten"]
[Black "Richter, Christian"]
[Result "1-0"]
[WhiteElo "2425"]
[BlackElo "2085"]

1.Nf3 Nf6 2.c4 g6 3.Nc3 Bg7 4.e4 d6 5.d4 O-O 6.Be2 e5 7.O-O exd4 8.Nxd4 Re8
9.f3 Nc6 10.Be3 Nh5 11.Qd2 f5 12.Rad1 f4 13.Nxc6 fxe3 14.Qd5+ Be6 15.Nxd8 Bxd5
16.Nxd5 Rexd8 17.g3 c6 18.Nc7 Rac8 19.Ne6 Rd7 20.Nxg7 Nxg7 21.Rd3 d5 22.Rfd1 b5
23.Rxe3 bxc4 24.Bxc4 Re7 25.Bb3 Kf8 26.Ree1 dxe4 27.fxe4 Ne6 28.Bxe6 Rxe6
29.Rd7 Re7 30.Red1 Rb8 31.Rd8+ Rxd8 32.Rxd8+ Kg7 33.Rd4 a5 34.Kf2 Re5 35.Rc4 Re6
36.Ke3 Rf6 37.Rc5 Rf1 38.Rxa5 Rb1 39.b3 Rb2 40.h4 Kf6 41.Rc5 Rxa2 42.Rxc6+ Ke5
43.Rc5+ Kd6 44.Rb5 Rg2 45.Kf3 Rg1 46.Rb7 Rf1+ 47.Kg2 Rb1 48.Rxh7 Rxb3 49.Rh6 Ke5
50.Rxg6 Kxe4 51.Rf6 Ke5 52.Rf3  1-0

[Event "Berliner Sommer"]
[Site "Berlin"]
[Date "1997.??.??"]
[Round "3"]
[White "Anderberg, Peter"]
[Black "Heck, Norbert"]
[Result "1-0"]
[WhiteElo "2015"]
[BlackElo "2355"]

1.d4 Nf6 2.Nf3 g6 3.c4 Bg7 4.Nc3 O-O 5.e4 d6 6.Be2 e5 7.O-O exd4 8.Nxd4 Re8
9.f3 Nc6 10.Be3 Nh5 11.Nxc6 bxc6 12.Qd2 c5 13.Rfe1 f5 14.exf5 Rxe3 15.Qd5+ Be6
16.fxe6 Kh8 17.Bf1 Bd4 18.Rxe3 Bxe3+ 19.Kh1 Rb8 20.Re1 Nf6 21.Qd3 Bd4 22.b3 c6
23.Ne4 Ne8 24.f4 Qe7 25.Ng5 Ng7 26.Qh3 Nh5 27.Nf7+ Kg8 28.g3 Rf8 29.Bd3 Kg7
30.Re2 Kg8 31.f5 Qf6 32.Nxd6 Ng7 33.e7 Rb8 34.e8=Q+ Nxe8 35.Nxe8 Qg5 36.fxg6 hxg6
37.Qe6+ Kh8 38.Qh3+ Kg8 39.Qe6+ Kh8 40.Qh3+ Kg8 41.Kg2 Qc1 42.Qe6+ Kh8 43.Qxg6 Qg1+
44.Kf3 Qf1+ 45.Kg4 Rb7 46.Nc7  1-0

[Event "Berliner Sommer"]
[Site "Berlin"]
[Date "1997.??.??"]
[Round "6"]
[White "Timoshchenko, Gennadi A"]
[Black "Watson, John L"]
[Result "1-0"]
[WhiteElo "2540"]
[BlackElo "2370"]

1.Nf3 Nf6 2.c4 g6 3.Nc3 Bg7 4.e4 d6 5.d4 O-O 6.Be2 Nbd7 7.O-O e5 8.Be3 c6
9.d5 Qe7 10.b4 c5 11.a3 a5 12.bxc5 Nxc5 13.Nd2 Nfd7 14.Nb3 Ra6 15.f3 f5 16.Nxc5 Nxc5
17.Na4 Bf6 18.Nxc5 dxc5 19.Rb1 Bg5 20.Bxg5 Qxg5 21.exf5 Qe3+ 22.Rf2 gxf5
23.Rb3 Qh6 24.f4 e4 25.Qa1 Re8 26.Rb5 Qf8 27.Rf1 e3 28.Rf3 Re4 29.Rb3 Qe8
30.Qc1 a4 31.Rbxe3 Rb6 32.Rg3+ Rg6 33.Bh5  1-0

[Event "Berliner Sommer"]
[Site "Berlin"]
[Date "1997.??.??"]
[Round "7"]
[White "Loginov, Valery A"]
[Black "Shaked, Tal"]
[Result "1/2-1/2"]
[WhiteElo "2550"]
[BlackElo "2500"]

1.Nf3 Nf6 2.c4 g6 3.Nc3 Bg7 4.e4 d6 5.d4 O-O 6.Be2 e5 7.d5 Na6 8.Bg5 h6 9.Bh4 g5
10.Bg3 Nh5 11.Nd2 Nf4 12.O-O f5 13.exf5 Bxf5 14.Nde4 b6 15.Re1 Nc5 16.Bf1 g4
17.Kh1 h5 18.f3 gxf3 19.gxf3 Bh6 20.Rc1 Kh8 21.Rc2 Rg8 22.b4 Nxe4 23.Nxe4 a5
24.c5 axb4 25.cxd6 cxd6 26.Nxd6 Bxc2 27.Nf7+ Kg7 28.Qxc2 Kxf7 29.Rxe5 Rg6
30.Qe4 Rxa2 31.Rf5+ Rf6 32.Bxf4 Bxf4 33.Rxf4 Rxf4 34.Qxf4+ Qf6 35.Qc7+ Kf8
36.Qb8+ Kg7 37.Qc7+ Kh6 38.Qc1+ Kg7 39.Qc7+ Kg8 40.Qb8+ Kg7  1/2-1/2

[Event "Berliner Sommer"]
[Site "Berlin"]
[Date "1997.??.??"]
[Round "8"]
[White "Moehring, Guenther"]
[Black "Gurevich, Vladimir"]
[Result "0-1"]
[WhiteElo "2300"]
[BlackElo "2435"]

1.Nf3 d6 2.d4 Nf6 3.c4 g6 4.Nc3 Bg7 5.e4 O-O 6.Be2 e5 7.O-O exd4 8.Nxd4 Re8
9.f3 c6 10.Be3 d5 11.cxd5 Nxd5 12.Nxd5 cxd5 13.Qb3 Nc6 14.Nxc6 bxc6 15.Rfd1 Qe7
16.Bf2 dxe4 17.fxe4 Be6 18.Qc2 Qb4 19.Rd2 Reb8 20.Qd1 Qa5 21.Bd4 Bxd4+ 22.Rxd4 Rxb2
23.Bc4 c5  0-1

[Event "Berliner Sommer"]
[Site "Berlin"]
[Date "1997.??.??"]
[Round "8"]
[White "Nisipeanu, Liviu Dieter"]
[Black "Hertneck, Gerald"]
[Result "1/2-1/2"]
[WhiteElo "2600"]
[BlackElo "2525"]

1.Nf3 Nf6 2.c4 g6 3.Nc3 Bg7 4.e4 d6 5.d4 O-O 6.Be2 e5 7.d5 a5 8.h3 Na6 9.Bg5 h6
10.Be3 Nc5 11.Nd2 Ne8 12.Nb3 b6 13.Nxc5 dxc5 14.Qd2 Kh7 15.g4 Nd6 16.Bd3 f5
17.gxf5 gxf5 18.exf5 Bxf5 19.h4 Qd7 20.O-O-O Bxd3 21.Qxd3+ Qf5 22.Qxf5+ Rxf5
23.b3 Rh5 24.Rdg1 Bf6 25.Rg4 Nf5 26.Ne4 Be7 27.Ng3 Rxh4 28.Rgxh4 Nxh4 29.Bxh6  1/2-1/2

[Event "Biel op MTO"]
[Site "Biel"]
[Date "1997.??.??"]
[Round "6"]
[White "Sinkovics, Peter"]
[Black "Haist, Wolfgang"]
[Result "1/2-1/2"]
[WhiteElo "2375"]
[BlackElo "2245"]

1.d4 Nf6 2.Nf3 g6 3.c4 Bg7 4.Nc3 O-O 5.e4 d6 6.Be2 e5 7.O-O exd4 8.Nxd4 Re8
9.f3 c6 10.Nb3 a5 11.Na4 d5 12.Bg5 h6 13.Bh4 g5 14.Bf2 dxe4 15.Qxd8 Rxd8
16.Bb6 Re8 17.fxe4 Nxe4 18.Rxf7 Kxf7 19.Bh5+ Kf8 20.Bxe8 Kxe8 21.Re1 Bf5
22.Nd2 Nd7 23.Nxe4 Bxe4 24.Rxe4+ Kf7 25.Bd4 Bxd4+ 26.Rxd4 Nf6  1/2-1/2

[Event "Biel op MTO"]
[Site "Biel"]
[Date "1997.??.??"]
[Round "8"]
[White "Siegel, Georg"]
[Black "Mittelman, Gur"]
[Result "1/2-1/2"]
[WhiteElo "2540"]
[BlackElo "2415"]

1.d4 Nf6 2.c4 g6 3.Nc3 Bg7 4.e4 d6 5.Be2 O-O 6.Nf3 e5 7.O-O Na6 8.Re1 c6
9.dxe5 dxe5 10.Be3 Qe7 11.h3 Nh5 12.a3 Nc5 13.Qc2 Ne6 14.Rad1 Nhf4 15.Kh2 Nxe2
16.Nxe2 f5 17.Bd2 Nc5 18.Nc3 a5 19.b4 axb4 20.axb4 Nxe4 21.Nxe4 fxe4 22.Qxe4 Bf5
23.Qe3 e4 24.Kg1 Rad8 25.Nh2 Bd4 26.Qg3 Bxh3 27.Nf3 Bf5 28.Nxd4 Rxd4 29.Bh6 Rxd1
30.Rxd1 Rd8 31.Ra1 Qf6 32.Ra5 Qd6 33.Qh4 Re8 34.Qg5 e3 35.fxe3 Qd1+ 36.Kh2 Qd6+
37.Kg1 Qd1+ 38.Kh2 Qd6+ 39.Qf4 Qxf4+ 40.Bxf4 Re4 41.Ra7 Rxc4 42.Rxb7 Rc2
43.Bh6 Rc4 44.Kg3 Rg4+ 45.Kf3 Rh4 46.Bf4 h5 47.Rc7 g5 48.Bxg5 Be4+ 49.Kf2 Rg4
50.Bf4 Bxg2 51.b5 cxb5 52.Rc5 h4  1/2-1/2

[Event "Biel op MTO"]
[Site "Biel"]
[Date "1997.??.??"]
[Round "8"]
[White "Van Laatum, Gozewijn"]
[Black "Foisor, Cristina Adela B"]
[Result "1/2-1/2"]
[WhiteElo "2355"]
[BlackElo "2415"]

1.d4 Nf6 2.c4 g6 3.Nc3 Bg7 4.e4 d6 5.Nf3 O-O 6.Be2 Na6 7.O-O e5 8.Re1 c6
9.Bf1 Ng4 10.h3 exd4 11.Nxd4 Qb6 12.hxg4 Qxd4 13.Qxd4 Bxd4 14.Bh6 Re8 15.g5 Nc5
16.Rad1 Bxc3 17.bxc3 Rxe4 18.Rxe4 Nxe4 19.Re1 Bf5 20.g4 Nd2 21.Rd1 Nf3+ 22.Kg2 Bxg4
23.Kg3 Ne5 24.Rxd6 Be6 25.f4 Nd7 26.Bh3 Nc5 27.Rd4 Bxh3 28.Kxh3 Ne6 29.Rd7 Nxf4+
30.Kg4 Ne2 31.Rxb7 Nxc3 32.a3 a5 33.Kf3 Re8 34.Rc7 Nb1 35.Rxc6 Nxa3 36.c5 Nb5
37.Ra6 Nd4+ 38.Kf2 Nf5 39.Rxa5 Nxh6 40.gxh6 f5 41.Ra7 Rc8 42.Rg7+ Kf8 43.Rxh7 Rxc5
44.Rg7 Rc6 45.Kf3 g5 46.Rxg5 Rxh6 47.Rxf5+  1/2-1/2

[Event "Biel op MTO"]
[Site "Biel"]
[Date "1997.??.??"]
[Round "8"]
[White "Moor, Olivier"]
[Black "Kummerow, Heiko"]
[Result "1-0"]
[WhiteElo "2195"]
[BlackElo "2300"]

1.d4 Nf6 2.c4 g6 3.Nc3 Bg7 4.e4 d6 5.Be2 O-O 6.Nf3 e5 7.dxe5 dxe5 8.Qxd8 Rxd8
9.Bg5 Nbd7 10.O-O-O Rf8 11.Nd2 Nc5 12.f3 c6 13.Be3 Ne6 14.Nb3 Nd7 15.Rd2 Nd4
16.Kb1 Nxb3 17.axb3 Re8 18.Rhd1 Nf8 19.Rd8 Rxd8 20.Rxd8 b6 21.c5 b5 22.Bxb5 cxb5
23.Nxb5 Bf6 24.Re8 Bb7 25.Rxa8 Bxa8 26.Nxa7 Ne6 27.b4 Bd8 28.b5 Bc7 29.c6 Bb8
30.Nc8 Nd8 31.Na7 Kf8 32.Kc2 Bxa7 33.c7  1-0

[Event "Biel op MTO"]
[Site "Biel"]
[Date "1997.??.??"]
[Round "10"]
[White "Van Laatum, Gozewijn"]
[Black "Mittelman, Gur"]
[Result "1/2-1/2"]
[WhiteElo "2355"]
[BlackElo "2415"]

1.d4 Nf6 2.c4 g6 3.Nc3 Bg7 4.e4 d6 5.Nf3 O-O 6.Be2 e5 7.O-O Na6 8.Re1 c6
9.Bf1 exd4 10.Nxd4 Ng4 11.h3 Qb6 12.hxg4 Qxd4 13.Qf3 Qe5 14.Bf4 Qe7 15.Qg3 Be5
16.g5 f6 17.gxf6 Qxf6 18.Bxe5 Qxe5 19.Rad1 Qxg3 20.fxg3 Rf6 21.a3 Bg4 22.Be2 Bxe2
23.Rxe2 Re8 24.Red2 Ree6 25.b4 Nc7 26.e5 Rxe5 27.Rxd6 Rxd6 28.Rxd6 Kf7 29.Rd4 Ke7
30.Rh4 h5 31.g4 Ne8 32.gxh5 gxh5 33.Ne4 Ng7 34.Kf2 b6 35.Nd2 Ne6 36.Nf3 Rf5
37.Ke3 a5 38.g4 hxg4 39.Rxg4 Rh5 40.Rh4  1/2-1/2

[Event "Biel op MTO"]
[Site "Biel"]
[Date "1997.??.??"]
[Round "11"]
[White "Gheorghiu, Florin"]
[Black "Sutter, Oliver"]
[Result "1-0"]
[WhiteElo "2485"]
[BlackElo "2355"]

1.c4 Nf6 2.Nf3 g6 3.Nc3 Bg7 4.e4 d6 5.d4 O-O 6.Be2 e5 7.Be3 exd4 8.Nxd4 Re8
9.f3 Nc6 10.O-O Nh5 11.Qd2 f5 12.Nxc6 bxc6 13.exf5 gxf5 14.Bd4 f4 15.Rfe1 Bf5
16.Bxg7 Kxg7 17.Bd3 Bxd3 18.Qxd3 Qf6 19.b3 Re5 20.Rad1 Rae8 21.Re4 Qf5 22.Qd4 c5
23.Qd2 Rxe4 24.Nxe4 Nf6 25.Nf2 Qe5 26.Kf1 Qe3 27.Qc2 Qe5 28.Nd3 Qf5 29.Re1 Rxe1+
30.Kxe1 Qh5 31.Qd2 Qxh2 32.Nxf4 Qg1+ 33.Ke2 Kf7 34.Qa5 Ne8 35.Qa4 Nf6 36.Qxa7 Ne8
37.Qa4 Nf6 38.Qc6 Qd4 39.Qxc7+ Ke8 40.Qc8+ Kf7 41.Qe6+ Kf8 42.Qe3  1-0

[Event "Bihorel op"]
[Site "Bihorel"]
[Date "1997.??.??"]
[Round "?"]
[White "Ivanov, Timur"]
[Black "Moingt, Jean Claude"]
[Result "1/2-1/2"]
[WhiteElo "2375"]
[BlackElo "2315"]

1.Nf3 Nf6 2.c4 g6 3.Nc3 Bg7 4.e4 d6 5.d4 O-O 6.Be2 e5 7.O-O exd4 8.Nxd4 Re8
9.f3 Nc6 10.Be3 Nh5 11.f4 Nf6 12.Bf3 Bg4 13.Nxc6 Bxf3 14.Qxf3 bxc6 15.Rae1 Qc8
16.f5 Nd7 17.Qh3 Ne5 18.Bh6 Bh8 19.b3 Qd7 20.Re3 a5 21.Qh4 a4 22.Rh3 axb3
23.axb3 f6 24.fxg6 Nxg6 25.Qf2 Re5 26.Rg3 Bg7 27.Bxg7 Qxg7 28.Qxf6 Qxf6 29.Rxf6 Ra3
30.b4 Rb3 31.b5 Rb4 32.h4 Rxc4 33.Rf5 Kh8 34.bxc6 Rcxe4 35.Nxe4 Rxf5 36.Rb3 d5
37.Ng5 Rf6 38.h5 h6 39.Rb8+ Kg7 40.Rc8 Rxc6 41.Rxc7+ Rxc7 42.Ne6+ Kf6 43.Nxc7 Ne7
44.Kf2 Kg5 45.Ke3 Kxh5 46.Kf4 Kg6 47.Ne6 Kf6 48.Nd4 Ng6+ 49.Kg4 h5+ 50.Kxh5 Nf4+
51.Kg4 Nxg2 52.Kf3 Nh4+ 53.Ke3  1/2-1/2

[Event "Bled op18th"]
[Site "Bled"]
[Date "1997.??.??"]
[Round "3"]
[White "Cebalo, Miso"]
[Black "Mazi, Leon"]
[Result "1-0"]
[WhiteElo "2540"]
[BlackElo "2355"]

1.d4 Nf6 2.Nf3 g6 3.c4 Bg7 4.Nc3 O-O 5.e4 d6 6.Be2 e5 7.O-O Nbd7 8.Qc2 exd4
9.Nxd4 Re8 10.Rd1 c6 11.Bg5 h6 12.Bh4 Qe7 13.f3 a5 14.Rd2 Qf8 15.Rad1 h5
16.Nb3 Re6 17.f4 a4 18.Nd4 Re8 19.Bf3 Nc5 20.h3 Nfd7 21.Nde2 Nb6 22.b3 axb3
23.axb3 Be6 24.Rxd6 Bxc4 25.bxc4 Nxc4 26.Bf2  1-0